000 00913nam a2200169Ia 4500
008 090711s9999 xx 000 0 und d
082 _b812
100 _aनाडकर्णी सुरेश / गाडगीळ मिलिंद / शिधये श्री
245 _aअसाही एक पंडितराज विद्याधर
260 _bसरस्वती विद्याधर गोखले
_c1997
300 _a248
600 _aनाडकर्णी सुरेश / गाडगीळ मिलिंद / शिधये श्री
630 _aअसाही एक पंडितराज विद्याधर
700 _aनाडकर्णी सुरेश / गाडगीळ मिलिंद / शिधये श्री
730 _aअसाही एक पंडितराज विद्याधर
942 _cBOOK
999 _c324373
_d324373